| LDR | | 00000nmm c2200205 c 4500 |
| 001 | | 000000248571 |
| 005 | | 20200710154426 |
| 008 | | 111114s2011 ulk d a kor |
| 020 | |
▼a 9788996682097(전자책) |
| 040 | |
▼a 248032
▼c 248032
▼d 248032 |
| 041 | 1 |
▼a kor
▼h fre |
| 056 | |
▼a 802
▼a 370.8
▼2 4 |
| 082 | 0 |
▼a 808
▼a 370.1
▼2 21 |
| 090 | |
▼a 370.8
▼b 루55얘 |
| 245 | 00 |
▼a 에밀
▼h [전자책] /
▼d 장 자크 루소 [원작] ;
▼e 베리타스알파 편집부 글씀 |
| 246 | 19 |
▼a Emile ou de l'education |
| 256 | |
▼a 전자 데이터 |
| 260 | |
▼a 서울 :
▼b 베리타스알파,
▼c 2011 :
▼f (교보문고,
▼g 2011) |
| 300 | |
▼a 전자책 1책 :
▼b 천연색 |
| 490 | 00 |
▼a 필독서 따라잡기 |
| 500 | |
▼a 원저자명: Jean-Jacques Rousseau |
| 516 | |
▼a PDF, ePUB |
| 538 | |
▼a 시스템 조건: 해상도 1024*768 |
| 653 | |
▼a 루소
▼a 교육론
▼a 교육서
▼a 인간혁명 |
| 700 | 1 |
▼a 루소, 장 자크,
▼d 1712-1778 |
| 700 | 1 |
▼a Rousseau, Jean-Jacques |
| 710 | |
▼a 베리타스알파.
▼b 편집부 |
| 856 | 41 |
▼u http://ebook.kaya.ac.kr:81/Kyobo_T3/Content_check.asp?barcode=4808996682097 |
| 950 | 0 |
▼b \1800 |
| 990 | |
▼a 관리자
▼b 관리자 |